Narrativas privadas y problemáticas colectivas : (Record no. 183686)
[ view plain ]
| 000 -CABECERA | |
|---|---|
| campo de control de longitud fija | 01634nab a2200253 a 4500 |
| 005 - FECHA Y HORA DE LA ÚLTIMA TRANSACCIÓN | |
| campo de control | 20210219162831.0 |
| 008 - ELEMENTOS DE LONGITUD FIJA--INFORMACIÓN GENERAL | |
| campo de control de longitud fija | 991125s1985 mx 000 0 spa u |
| 035 ## - NÚMERO DE CONTROL DEL SISTEMA | |
| Número de control de sistema | UPN01000211585 |
| 049 ## - COLECCIÓN | |
| Colección | ART |
| 100 1# - ASIENTO PRINCIPAL--NOMBRE PERSONAL | |
| Nombre de persona | Schenquer, Laura |
| 222 #0 - TÍTULO CLAVE | |
| Título clave | PERFILES LATINOAMERICANOS |
| 245 00 - MENCIÓN DE TÍTULO | |
| Título | Narrativas privadas y problemáticas colectivas : |
| Resto del título | religión judía y dictadura |
| 260 ## - PUBLICACIÓN, DISTRIBUCIÓN, ETC. | |
| Lugar de publicación, distribución, etc. | México |
| 300 ## - DESCRIPCIÓN FÍSICA | |
| Extensión | 31-45 |
| 362 0# - FECHAS DE PUBLICACIÓN Y/O DESIGNACIÓN SECUENCIAL | |
| Fecha de publicación y/o designación secuencial | 2016 Volumen 24, número 47, enero-junio |
| 520 3# - NOTA DE RESUMEN, ETC. | |
| Sumario, etc. | Este trabajo analiza la afiliación a la corriente religiosa liberal (no ortodoxa) llamada Conservative Judaism de un número importante de instituciones judeo-argentinas, durante el periodo dictatorial 1976-1983. A diferencia de las investigaciones focalizadas en la propia corriente, aquí se indaga a los receptores —los miembros de las instituciones judías— buscando conocer las razones que los acercaron a los rituales y propuestas del judaísmo conservador. Para ello, se estudia —principal y no exclusivamente— una serie de misivas que dichos receptores enviaron al Seminario Rabínico Latinoamericano, promotor de esa corriente religiosa. Esta documentación peculiar e inusitada posibilita inquirir en el entramado de experiencias que se repetían en las diversas instituciones, a la vez que habilita a reconocer las huellas epocales |
| 653 0# - TERMINO DE INDIZACION - NO CONTROLADO | |
| Término no controlado | CONSERVATIVE JUDAISM |
| 653 0# - TERMINO DE INDIZACION - NO CONTROLADO | |
| Término no controlado | RELIGION |
| 653 0# - TERMINO DE INDIZACION - NO CONTROLADO | |
| Término no controlado | DICTADURA ARGENTINA |
| 856 4# - LOCALIZACIÓN Y ACCESO ELECTRÓNICOS | |
| Identificador Uniforme del Recurso | <a href="JUDIOS">JUDIOS</a> |
| 856 4# - LOCALIZACIÓN Y ACCESO ELECTRÓNICOS | |
| Identificador Uniforme del Recurso | <a href="http://www.redalyc.org/articulo.oa?id=11543008002">http://www.redalyc.org/articulo.oa?id=11543008002</a> |
| 856 4# - LOCALIZACIÓN Y ACCESO ELECTRÓNICOS | |
| Identificador Uniforme del Recurso | <a href="http://perfilesla.flacso.edu.mx/index.php/perfilesla/article/view/607/626">http://perfilesla.flacso.edu.mx/index.php/perfilesla/article/view/607/626</a> |
| 905 ## - TIPO DE MATERIAL | |
| Tipo de material | Articulo |
No items available.
